00305nam a2200121Ia 4500008004100000082001700041100001700058245003800075250001300113260004100126300000800167650000800175191201s2011 xx 000 0 und d a368.001bMII aMISHRA, M.N. 0aInsurance Principles and Practice aREV 18th aN. DelhibS Chand and Co. Ltd.c2011 a807 aMBA